000 00343 a2200157 4500
001 190573
020 _a978-0-521-13742-3
040 _cMagnum
100 _aBethune, Helen
240 1 0 _aWhy does my heart pump?
_lING
245 1 0 _aWhy does my heart pump?
300 _a24
362 0 _a2010
697 _aLITERATURA INGLESA
942 _cBK
999 _c190573
_d190573